Krajina dažďovej kráľovnej

Základné geografické a politické údaje o Južnej Afrike. Historické a geografické zaujímavosti, súčasná spoločensko-politická situácia krajiny.

Salvato in:
Dettagli Bibliografici
Autore principale: Kasarda, Martin
Natura: Capitolo di libro
Lingua:slovacco
Soggetti:
Tags: Aggiungi Tag
Nessun Tag, puoi essere il primo ad aggiungerne!!

MARC

LEADER 00000naa a2200000 4500
001 r048581
005 20230908082641.2
041 0 |a slo 
044 |a SK 
245 1 0 |a Krajina dažďovej kráľovnej  |c Martin Kasarda 
520 |a Základné geografické a politické údaje o Južnej Afrike. Historické a geografické zaujímavosti, súčasná spoločensko-politická situácia krajiny. 
610 2 0 |a vývoj spoločenský 
610 2 0 |a demografia 
610 2 0 |a geografia 
610 2 0 |a kultúra 
610 2 0 |a identita 
610 2 0 |a Juhoafrická republika 
100 1 |a Kasarda, Martin